INVI : (Record no. 35443)
[ view plain ]
| 000 -CABECERA | |
|---|---|
| campo de control de longitud fija | 01013nam a2200229 a 4500 |
| 001 - NÚMERO DE CONTROL | |
| campo de control | 000035952 |
| 005 - FECHA Y HORA DE LA ÚLTIMA TRANSACCIÓN | |
| campo de control | 20260204104946.0 |
| 008 - DATOS DE LONGITUD FIJA--INFORMACIÓN GENERAL | |
| campo de control de longitud fija | 111121s1982 dr ac 000 0 spa d |
| 040 ## - FUENTE DE LA CATALOGACIÓN | |
| Centro catalogador/agencia de origen | DO-SdBNP |
| Lengua de catalogación | spa |
| Centro/agencia transcriptor | BNPHU |
| 082 ## - NÚMERO DE LA CLASIFICACIÓN DECIMAL DEWEY | |
| Número de clasificación | 353.55 |
| Número de documento/Ítem | R426i |
| 110 1# - ENTRADA PRINCIPAL--NOMBRE DE ENTIDAD CORPORATIVA | |
| Nombre de entidad corporativa o nombre de jurisdicción como elemento de entrada | República Dominicana. |
| Unidad subordinada | Instituto Nacional de la Vivienda |
| 9 (RLIN) | 61980 |
| 245 10 - MENCIÓN DE TÍTULO | |
| Título | INVI : |
| Resto del título | 20 años trabajando por el derecho a la vivienda. |
| 246 10 - FORMA VARIANTE DE TÍTULO | |
| Título propio/Titulo breve | Instituto Nacional de la Vivienda : |
| Resto del título | veinte años trabajando por el derecho a la vivienda |
| 260 ## - PUBLICACIÓN, DISTRIBUCIÓN, ETC. | |
| Lugar de publicación, distribución, etc. | Santo Domingo : |
| Nombre del editor, distribuidor, etc. | INVI, |
| Fecha de publicación, distribución, etc. | 1982. |
| 300 ## - DESCRIPCIÓN FÍSICA | |
| Extensión | 59 p. : |
| Otras características físicas | il., retrs. ; |
| Dimensiones | 22 cm. |
| 505 0# - NOTA DE CONTENIDO CON FORMATO | |
| Información miscelánea | Introducción -- |
| Título | Creación y desarrollo histórico del INVI -- |
| -- | Situación actual del INVI -- |
| -- | Perspectivas del INVI y del sector vivienda -- |
| Información miscelánea | Anexos. |
| 520 ## - SUMARIO, ETC. | |
| Sumario, etc. | Inventariado, 2018/MFF |
| 650 #4 - PUNTO DE ACCESO ADICIONAL DE MATERIA--TÉRMINO DE MATERIA | |
| Término de materia o nombre geográfico como elemento de entrada | Política de vivienda |
| Subdivisión geográfica | República Dominicana |
| 9 (RLIN) | 53145 |
| 650 #0 - PUNTO DE ACCESO ADICIONAL DE MATERIA--TÉRMINO DE MATERIA | |
| Término de materia o nombre geográfico como elemento de entrada | Rehabilitación urbana |
| 9 (RLIN) | 4183 |
| 651 #4 - PUNTO DE ACCESO ADICIONAL DE MATERIA--NOMBRE GEOGRÁFICO | |
| Nombre geográfico | República Dominicana |
| Subdivisión general | Condiciones Sociales |
| 9 (RLIN) | 46 |
| 910 ## - DATOS DE OPCIÓN DEL USUARIO (OCLC) | |
| Datos de opción del usuario | Validado. Control de calidad EMS |
| Estado de retiro | Estado de pérdida | No para préstamo | Código de colección | Localización permanente | Ubicación/localización actual | Ubicación en estantería | Fecha de adquisición | Número de inventario | Total de préstamos | Signatura topográfica completa | Código de barras | Fecha visto por última vez | Precio válido a partir de | Tipo de ítem Koha |
|---|---|---|---|---|---|---|---|---|---|---|---|---|---|---|
| Excluido de préstamo | Patrimonio Dominicano | Patrimonio Dominicano | Patrimonio Dominicano | Depósito | 21.11.2011 | LF1 | 353.55 R426i | 35952-10 | 25.06.2020 | 25.06.2020 | Libro y Folleto Colección Patrimonio Dominicano |
